[Event "VI Open Gelso Bianco A"]
[Site "Catania ITA"]
[Date "1995.08.08"]
[Round "3"]
[White "Contin, Daniel"]
[Black "Gueci, Riccardo"]
[Result "1-0"]
[WhiteElo "2365"]
[BlackElo "2175"]
[PlyCount "105"]
[EventDate "1995.08.06"]

1.c4 e5 2.Nc3 Nc6 3.g3 g6 4.Bg2 Bg7 5.e3 d6 6.Nge2 Nf6 7.d3 h5 8.h3 Be6 9.
Nd5 Qd7 10.Qa4 a6 11.Rb1 O-O 12.Nec3 Bf5 13.Qc2 Rab8 14.b4 Ne7 15.e4 Be6 
16.Bg5 Bxd5 17.Nxd5 Nfxd5 18.cxd5 f6 19.Be3 c6 20.dxc6 bxc6 21.d4 d5 22.
dxe5 fxe5 23.Bc5 d4 24.h4 Kh7 25.Bh3 Qd8 26.O-O Rf6 27.Qc4 Bh6 28.Qxa6 Nc8
29.a4 Nd6 30.Qd3 Nb7 31.Qc4 Ra8 32.a5 Nd6 33.Qd3 Nb5 34.Ra1 Qg8 35.Bd7 Qf7
36.Bxc6 Rxc6 37.Qxb5 Rf6 38.Kg2 Rf3 39.Bd6 g5 40.hxg5 Bxg5 41.Qxe5 Rf8 42.
a6 h4 43.a7 h3+ 44.Kxh3 Bf4 45.Qf5+ Qxf5+ 46.exf5 Bxd6 47.a8=Q Rxa8 48.
Rxa8 Bxb4 49.Kg4 Rc3 50.Rfa1 Kg7 51.R1a7+ Kf6 52.Ra6+ Ke5 53.Rd8 1-0

[Event "VI Open Gelso Bianco A"]
[Site "Catania ITA"]
[Date "1995.08.08"]
[Round "3"]
[White "Efimov, Igor"]
[Black "Szekely, Peter"]
[Result "1/2-1/2"]
[WhiteElo "2450"]
[BlackElo "2435"]
[PlyCount "66"]
[EventDate "1995.08.06"]

1.d4 Nf6 2.Nf3 g6 3.c4 Bg7 4.Nc3 O-O 5.e3 c5 6.Be2 cxd4 7.Qxd4 Nc6 8.Qh4 
d6 9.e4 Qa5 10.O-O Qh5 11.Qf4 Bg4 12.Be3 Rfc8 13.Rfc1 Bxf3 14.Bxf3 Qe5 15.
Be2 Qxf4 16.Bxf4 Nd7 17.Rab1 Nc5 18.b4 Ne6 19.Bd2 Ned4 20.Bf1 Ne5 21.Be3 
Ne6 22.Nd5 Kf8 23.h3 Nd7 24.Rd1 Nf6 25.f3 Ne8 26.a4 Nd8 27.a5 e6 28.Nf4 
Kg8 29.g3 Nc6 30.Kg2 Bc3 31.b5 Nxa5 32.Rdc1 Bg7 33.h4 b6 1/2-1/2

[Event "VI Open Gelso Bianco A"]
[Site "Catania ITA"]
[Date "1995.08.08"]
[Round "3"]
[White "Ikonnikov, Vyacheslav"]
[Black "Mifsud, Timothy"]
[Result "1/2-1/2"]
[WhiteElo "2540"]
[BlackElo "2165"]
[PlyCount "60"]
[EventDate "1995.08.06"]

1.d4 d5 2.Nf3 c6 3.c4 e6 4.Nc3 Nf6 5.Bg5 dxc4 6.e4 b5 7.e5 h6 8.Bh4 g5 9.
exf6 gxh4 10.Ne5 Qxf6 11.a4 Bb7 12.Be2 c5 13.O-O cxd4 14.Qxd4 Bg7 15.f4 
O-O 16.axb5 Rd8 17.Qe3 Nd7 18.Rxa7 Rab8 19.Rxb7 Rxb7 20.Ne4 Qe7 21.Nc6 Qf8
22.Rd1 Rxb5 23.Bxc4 Rxb2 24.f5 exf5 25.Nxd8 Qxd8 26.Bxf7+ Kh8 27.Nf2 Qb6 
28.Qxb6 Nxb6 29.Bg6 Be5 30.Bxf5 Bxh2+ 1/2-1/2

[Event "VI Open Gelso Bianco A"]
[Site "Catania ITA"]
[Date "1995.08.08"]
[Round "3"]
[White "Kogan, Artur"]
[Black "Miljanic, Boro"]
[Result "1-0"]
[WhiteElo "2495"]
[BlackElo "2380"]
[PlyCount "77"]
[EventDate "1995.08.06"]

1.e4 e6 2.d4 d5 3.e5 c5 4.Nf3 Nc6 5.Bd3 cxd4 6.O-O Bc5 7.Re1 Nge7 8.h4 Bd7
9.a3 Bb6 10.Bf4 Ng6 11.Bg3 f6 12.Nbd2 Ngxe5 13.Nxe5 Nxe5 14.Rxe5 fxe5 15.
Qh5+ Kf8 16.Bxe5 Bc7 17.Nf3 Be8 18.Qg4 Bxe5 19.Nxe5 Qf6 20.Qxd4 Kg8 21.Re1
Bg6 22.Re3 Bxd3 23.Rxd3 Rf8 24.Rc3 h5 25.Rc7 Rh6 26.g3 Qf5 27.Rxb7 Qxc2 
28.Qxa7 Rhf6 29.Rxg7+ Kh8 30.Rf7 R8xf7 31.Nxf7+ Kg8 32.Ng5 Qxb2 33.a4 Qe5 
34.a5 d4 35.Qh7+ Kf8 36.Kg2 Rxf2+ 37.Kxf2 Qe3+ 38.Kf1 Qc1+ 39.Kg2 1-0

[Event "VI Open Gelso Bianco A"]
[Site "Catania ITA"]
[Date "1995.08.08"]
[Round "3"]
[White "Ljubisavljevic, Zivojin Z."]
[Black "Stassi, Emilio"]
[Result "0-1"]
[WhiteElo "2285"]
[BlackElo "2155"]
[PlyCount "82"]
[EventDate "1995.08.06"]

1.e4 c5 2.f4 d5 3.exd5 Nf6 4.c4 e6 5.dxe6 fxe6 6.Nf3 Nc6 7.d3 Be7 8.Be2 
O-O 9.O-O b6 10.Nc3 Bb7 11.Kh1 Qe8 12.Ne5 Nxe5 13.fxe5 Qg6 14.Bf3 Bxf3 15.
Rxf3 Ng4 16.Bf4 Rf5 17.Qe2 Raf8 18.Raf1 Qh5 19.Bg3 g6 20.Rxf5 gxf5 21.h3 
Bg5 22.Nd1 Nf6 23.Qf3 Qxf3 24.gxf3 Nh5 25.Bh2 Bf4 26.Rg1+ Kf7 27.Bxf4 Nxf4
28.Nf2 Rd8 29.Kh2 Rd4 30.Rd1 Ng6 31.Re1 Nf4 32.Re3 Ke7 33.a3 a5 34.b4 axb4
35.axb4 cxb4 36.Re1 Nxd3 37.Nxd3 Rxd3 38.Ra1 Kd7 39.Ra7+ Kc6 40.Rxh7 b3 
41.Rg7 Rd2+ 0-1

[Event "VI Open Gelso Bianco A"]
[Site "Catania ITA"]
[Date "1995.08.08"]
[Round "3"]
[White "Marinelli, Tullio"]
[Black "Lanzani, Mario"]
[Result "1-0"]
[WhiteElo "2440"]
[BlackElo "2330"]
[PlyCount "81"]
[EventDate "1995.08.06"]

1.d4 Nf6 2.c4 e6 3.Nc3 Bb4 4.e3 O-O 5.Bd3 c5 6.Nf3 b6 7.O-O Bb7 8.a3 Bxc3 
9.bxc3 d6 10.Nd2 e5 11.d5 Qe7 12.e4 Bc8 13.h3 Ne8 14.g4 g6 15.Kh2 Ng7 16.
Rg1 f6 17.Nf1 Kf7 18.Ng3 Ke8 19.Ra2 Kd8 20.f3 Kc7 21.Kh1 Bd7 22.Rh2 Rh8 
23.h4 Na6 24.Bh6 Rag8 25.a4 Kb7 26.Qa1 Nc7 27.a5 Ra8 28.Rb1 Rhb8 29.g5 Kc8
30.a6 Nce8 31.Rf1 f5 32.f4 Kc7 33.Re2 fxe4 34.Bxe4 Nf5 35.Bxf5 gxf5 36.
fxe5 dxe5 37.Nxf5 Bxf5 38.Rxf5 e4 39.Bf8 Qd7 40.Qf1 Nd6 41.Bxd6+ 1-0

[Event "VI Open Gelso Bianco A"]
[Site "Catania ITA"]
[Date "1995.08.08"]
[Round "3"]
[White "Moncher, Stefano"]
[Black "Zlochevskij, Alexander"]
[Result "0-1"]
[WhiteElo "2202"]
[BlackElo "2465"]
[PlyCount "71"]
[EventDate "1995.08.06"]

1.e4 e6 2.d4 d5 3.Nc3 Nf6 4.e5 Nfd7 5.f4 c5 6.Nf3 Nc6 7.Be3 a6 8.Be2 Qb6 
9.Qd2 Qxb2 10.Rb1 Qa3 11.O-O cxd4 12.Nxd4 Bc5 13.Kh1 Nxd4 14.Bxd4 Bxd4 15.
Qxd4 Qc5 16.Qd2 O-O 17.Rf3 b5 18.Bd3 f6 19.exf6 Nxf6 20.Re1 Ra7 21.Re5 
Raf7 22.Nd1 Qd6 23.Nf2 Bb7 24.Qe2 d4 25.Rh3 g6 26.Rg3 Rg7 27.Nh3 Bd5 28.a3
Qxa3 29.f5 Qc1+ 30.Ng1 Nh5 31.Rg4 gxf5 32.Bxf5 Nf4 33.Rxg7+ Kxg7 34.Qg4+ 
Kh8 35.Rxd5 exd5 36.Qg5 0-1

[Event "VI Open Gelso Bianco A"]
[Site "Catania ITA"]
[Date "1995.08.08"]
[Round "3"]
[White "Nurkic, Sahbaz"]
[Black "Scavo, Fernando"]
[Result "1-0"]
[WhiteElo "2420"]
[BlackElo "2260"]
[PlyCount "73"]
[EventDate "1995.08.06"]

1.e4 e6 2.d4 d5 3.Nd2 Nf6 4.e5 Nfd7 5.Bd3 c5 6.c3 Nc6 7.Ne2 cxd4 8.cxd4 f6
9.exf6 Nxf6 10.O-O Bd6 11.Nf3 O-O 12.Bg5 e5 13.dxe5 Nxe5 14.Nxe5 Bxe5 15.
h3 Qd6 16.Qb3 Be6 17.f4 Qc5+ 18.Kh1 Bc7 19.Rac1 Qb6 20.Qc2 Rac8 21.Bxf6 
Rxf6 22.Bxh7+ Kh8 23.Qd3 Rcf8 24.Bg6 Bg4 25.f5 Qd6 26.g3 Bxh3 27.Rf4 Rxg6 
28.fxg6 Rxf4 29.Nxf4 Bd7 30.Qe2 Kg8 31.Qh5 Be6 32.Qh7+ Kf8 33.Re1 d4 34.
Kg1 Bd5 35.Qh8+ Bg8 36.Ne6+ Ke7 37.Qxg7+ 1-0

[Event "VI Open Gelso Bianco A"]
[Site "Catania ITA"]
[Date "1995.08.08"]
[Round "3"]
[White "Ochoa de Echaguen, Francisco Javier"]
[Black "Vukovic, Ivo"]
[Result "0-1"]
[WhiteElo "2455"]
[BlackElo "2285"]
[PlyCount "64"]
[EventDate "1995.08.06"]

1.e4 c5 2.Nf3 Nc6 3.d4 cxd4 4.Nxd4 Nf6 5.Nc3 d6 6.Bg5 e6 7.Qd2 Be7 8.O-O-O
O-O 9.Nb3 Qb6 10.f3 Rd8 11.Nb5 Rd7 12.N5d4 Qd8 13.Qe1 a6 14.Kb1 Qc7 15.h4 
Ne5 16.f4 Nc4 17.Bxc4 Qxc4 18.Rh3 Rd8 19.Rc3 Qa4 20.e5 Nd5 21.Bxe7 Nxe7 
22.exd6 Nd5 23.Rg3 Nxf4 24.Nc5 Qe8 25.Nf3 f6 26.Qd2 e5 27.d7 Qe7 28.Qd6 
Qxd6 29.Rxd6 b6 30.dxc8=Q Raxc8 31.Nd7 Kh8 32.Ndxe5 Rc4 0-1

[Event "VI Open Gelso Bianco A"]
[Site "Catania ITA"]
[Date "1995.08.08"]
[Round "3"]
[White "Pajkovic, Vladimir"]
[Black "Genovese, Maurizio"]
[Result "1-0"]
[WhiteElo "2430"]
[BlackElo "2255"]
[PlyCount "59"]
[EventDate "1995.08.06"]

1.Nf3 Nf6 2.c4 e6 3.g3 d5 4.Bg2 c6 5.d4 Be7 6.O-O O-O 7.Qc2 Nbd7 8.Rd1 b6 
9.Nbd2 Bb7 10.e4 c5 11.cxd5 exd5 12.e5 Ne4 13.Nxe4 dxe4 14.Ne1 cxd4 15.
Bxe4 Bxe4 16.Qxe4 Bc5 17.Nf3 Re8 18.Ng5 g6 19.b4 Bxb4 20.Rxd4 Bc3 21.Qf3 
Qxg5 22.Bxg5 Bb4 23.Rad1 Nxe5 24.Qf4 Bc5 25.Bf6 Nc6 26.Rd7 Be7 27.Bb2 Nd8 
28.Qd4 f6 29.Qd5+ Nf7 30.Rxe7 1-0

[Event "VI Open Gelso Bianco A"]
[Site "Catania ITA"]
[Date "1995.08.08"]
[Round "3"]
[White "Rosino, Antonio"]
[Black "Parrella, Alfredo"]
[Result "1-0"]
[WhiteElo "2320"]
[BlackElo "2225"]
[PlyCount "83"]
[EventDate "1995.08.06"]

1.e4 e6 2.d4 d5 3.Nc3 dxe4 4.Nxe4 Bd7 5.Nf3 Bc6 6.Bd3 Bxe4 7.Bxe4 c6 8.O-O
Nf6 9.Bd3 Be7 10.c3 Nbd7 11.Re1 O-O 12.Qe2 c5 13.Bg5 Re8 14.Rad1 cxd4 15.
Bb5 a6 16.Ba4 Qa5 17.Rxd4 b5 18.Bb3 Qb6 19.Rh4 h6 20.Be3 Bc5 21.Nd4 e5 22.
Nf5 Bxe3 23.fxe3 Nc5 24.Qf3 Nxb3 25.Qg3 g6 26.axb3 h5 27.Qg5 Re6 28.Rf1 
Rd8 29.Rh3 Rd7 30.Rhf3 Ne4 31.Nh6+ Kf8 32.Qh4 Nd6 33.g4 e4 34.Rg3 hxg4 35.
Qxg4 Ke8 36.Qg5 Rde7 37.Ng8 Nf5 38.Rh3 Rb7 39.Qf4 Qd6 40.Qg4 Kf8 41.Nh6 
Ng7 42.Nxf7 1-0

[Event "VI Open Gelso Bianco A"]
[Site "Catania ITA"]
[Date "1995.08.08"]
[Round "3"]
[White "Viaggi, Giovanni"]
[Black "Bellia, Fabrizio"]
[Result "0-1"]
[WhiteElo "2125"]
[BlackElo "2300"]
[PlyCount "104"]
[EventDate "1995.08.06"]

1.e4 e5 2.Nf3 Nc6 3.Bb5 g6 4.d4 exd4 5.Nxd4 Bg7 6.c3 Nf6 7.O-O O-O 8.Re1 
Re8 9.Nd2 a6 10.Ba4 Ne5 11.Bc2 c5 12.N4f3 Nxf3+ 13.Nxf3 d5 14.exd5 Rxe1+ 
15.Qxe1 Qxd5 16.Qe5 Be6 17.Be3 Qxe5 18.Nxe5 Nd5 19.Nf3 Nxe3 20.fxe3 Bh6 
21.Kf2 Re8 22.a4 Bd5 23.Re1 Re6 24.b3 b5 25.axb5 axb5 26.e4 Bb7 27.Bd3 b4 
28.cxb4 cxb4 29.Bc4 Rxe4 30.Rxe4 Bxe4 31.Ne5 Bf4 32.Nxf7 Kg7 33.g3 Bc7 34.
Ke3 Bc6 35.Ng5 Bb6+ 36.Kf4 h6 37.Ne4 Bc7+ 38.Ke3 g5 39.Kd4 g4 40.Be6 h5 
41.h3 Bb6+ 42.Ke5 h4 43.Bxg4 hxg3 44.Bf3 Kg6 45.Kf4 Bc7+ 46.Kg4 Bd5 47.Bg2
Bxb3 48.h4 Be6+ 49.Kf3 b3 50.Bf1 b2 51.Bd3 Bd5 52.Ke2 Bc4 0-1

[Event "VI Open Gelso Bianco A"]
[Site "Catania ITA"]
[Date "1995.08.09"]
[Round "4"]
[White "Adla, Diego Gustavo"]
[Black "Manca, Federico"]
[Result "1-0"]
[WhiteElo "2440"]
[BlackElo "2355"]
[PlyCount "65"]
[EventDate "1995.08.06"]

1.d4 Nf6 2.c4 c5 3.d5 b5 4.cxb5 a6 5.f3 axb5 6.e4 Qa5+ 7.Bd2 b4 8.Na3 d6 
9.Nc4 Qd8 10.a4 e6 11.dxe6 Bxe6 12.Ne3 Nc6 13.Bb5 Rc8 14.Ne2 Be7 15.Rc1 
Bd7 16.O-O O-O 17.Kh1 Ne5 18.Bxd7 Qxd7 19.Nf4 Qb7 20.b3 c4 21.Nxc4 Nxc4 
22.bxc4 b3 23.Rb1 Rb8 24.Re1 Nd7 25.Nd5 Bd8 26.Bb4 Qa6 27.Qxb3 Ne5 28.Red1
Ba5 29.Qc3 Nxc4 30.Bxa5 Nxa5 31.Ne7+ Kh8 32.Nf5 f6 33.Qc7 1-0

[Event "VI Open Gelso Bianco A"]
[Site "Catania ITA"]
[Date "1995.08.09"]
[Round "4"]
[White "Agnello, Giuseppe"]
[Black "Contin, Daniel"]
[Result "1/2-1/2"]
[WhiteElo "2160"]
[BlackElo "2365"]
[PlyCount "82"]
[EventDate "1995.08.06"]

1.e4 e6 2.d4 d5 3.e5 c5 4.c3 Bd7 5.Nf3 Qb6 6.Be2 Nh6 7.Bxh6 gxh6 8.Qd2 Nc6
9.O-O Bg7 10.Na3 O-O 11.Rfe1 cxd4 12.cxd4 f6 13.exf6 Rxf6 14.Nc2 Raf8 15.
b4 Be8 16.a4 Bg6 17.a5 Qd8 18.b5 Ne7 19.a6 b6 20.Nb4 Qe8 21.Rac1 Be4 22.
Rc7 Ng6 23.Rxa7 Bxf3 24.gxf3 Nh4 25.Kh1 Qh5 26.Rg1 Rg6 27.Qd1 Rf5 28.f4 
Nf3 29.Bxf3 Rxg1+ 30.Kxg1 Qg6+ 31.Bg2 Rxf4 32.Ra8+ Bf8 33.a7 Kg7 34.Rb8 
Rg4 35.Qxg4 Qxg4 36.a8=Q Qd1+ 37.Bf1 Qg4+ 38.Bg2 Qd1+ 39.Bf1 Qg4+ 40.Bg2 
Qd1+ 41.Bf1 Qg4+ 1/2-1/2

[Event "VI Open Gelso Bianco A"]
[Site "Catania ITA"]
[Date "1995.08.09"]
[Round "4"]
[White "Arlandi, Ennio"]
[Black "Conquest, Stuart C."]
[Result "1/2-1/2"]
[WhiteElo "2455"]
[BlackElo "2455"]
[PlyCount "83"]
[EventDate "1995.08.06"]

1.d4 e6 2.c4 c5 3.d5 exd5 4.cxd5 d6 5.e4 g6 6.Nc3 Bg7 7.Bd3 Ne7 8.Nge2 Nd7
9.O-O O-O 10.Ng3 a6 11.a4 Rb8 12.f4 b5 13.axb5 axb5 14.Nxb5 c4 15.Bxc4 
Rxb5 16.Bxb5 Qb6+ 17.Kh1 Qxb5 18.Qa4 Qxa4 19.Rxa4 f5 20.Rd1 Re8 21.exf5 
Nb6 22.Ra7 Nxf5 23.Nxf5 Bxf5 24.Bd2 Nc4 25.Bc3 Bxc3 26.bxc3 Be4 27.Kg1 
Bxg2 28.Rd4 Ne3 29.Ra2 Bf3 30.Rd3 Bh5 31.Ra7 Ng4 32.Rd1 Nxh2 33.Rb1 Nf3+ 
34.Kf2 Nd2 35.Rbb7 Ne4+ 36.Kg2 Nf6 37.Rg7+ Kh8 38.Rgf7 Nxd5 39.Rxh7+ Kg8 
40.Rag7+ Kf8 41.Rf7+ Kg8 42.Rhg7+ 1/2-1/2

[Event "VI Open Gelso Bianco A"]
[Site "Catania ITA"]
[Date "1995.08.09"]
[Round "4"]
[White "Bellia, Fabrizio"]
[Black "Efimov, Igor"]
[Result "0-1"]
[WhiteElo "2300"]
[BlackElo "2450"]
[PlyCount "80"]
[EventDate "1995.08.06"]

1.e4 c5 2.Nf3 Nc6 3.d4 cxd4 4.Nxd4 Nf6 5.Nc3 d6 6.Be2 g6 7.Be3 Bg7 8.Qd2 
O-O 9.O-O Bd7 10.f3 Qb8 11.a4 Rc8 12.Rfe1 Qc7 13.Ncb5 Qd8 14.Nb3 a6 15.Na3
Be6 16.Nd4 Nxd4 17.Bxd4 d5 18.e5 Nd7 19.Bf1 b6 20.Kh1 h5 21.h3 Kh7 22.Rad1
Qc7 23.Qe3 Bh6 24.f4 Nc5 25.b3 Bf5 26.Kg1 Ne6 27.Bxb6 Qb7 28.Qf2 Bxf4 29.
a5 Rc3 30.Bd3 Rac8 31.Nb1 Rxc2 32.Bxc2 Bxc2 33.Rc1 Bxc1 34.Qxf7+ Ng7 35.
Rxc1 Bf5 36.Nc3 Qd7 37.Bd4 Qe6 38.Qxe6 Nxe6 39.Bf2 Nf4 40.Kh2 Nd3 0-1

[Event "VI Open Gelso Bianco A"]
[Site "Catania ITA"]
[Date "1995.08.09"]
[Round "4"]
[White "Bellomo, Francesco"]
[Black "Ochoa de Echaguen, Francisco Javier"]
[Result "1/2-1/2"]
[WhiteElo "2360"]
[BlackElo "2455"]
[PlyCount "33"]
[EventDate "1995.08.06"]

1.Nf3 f5 2.g3 Nf6 3.Bg2 g6 4.O-O Bg7 5.d3 d6 6.c4 O-O 7.Nc3 Nc6 8.Rb1 a5 
9.a3 Nh5 10.e3 e5 11.Nd5 Ne7 12.b4 axb4 13.axb4 c6 14.Nxe7+ Qxe7 15.b5 c5 
16.Bb2 Be6 17.Nd2 1/2-1/2

[Event "VI Open Gelso Bianco A"]
[Site "Catania ITA"]
[Date "1995.08.09"]
[Round "4"]
[White "Cherniaev, Alexander"]
[Black "Rosino, Antonio"]
[Result "1-0"]
[WhiteElo "2450"]
[BlackElo "2320"]
[PlyCount "77"]
[EventDate "1995.08.06"]

1.e4 e5 2.Nf3 Nc6 3.Bb5 Nf6 4.Qe2 Be7 5.c3 d6 6.d3 Bd7 7.Ba4 O-O 8.h3 Re8 
9.Bc2 d5 10.g4 Bc5 11.Bg5 Be6 12.Nbd2 Be7 13.Bh4 dxe4 14.dxe4 Nd7 15.Bg3 
f6 16.Nh4 Nf8 17.O-O-O Bd6 18.Nc4 Ne7 19.Nf5 Nxf5 20.gxf5 Bf7 21.Rhg1 Re7 
22.Bh4 Rd7 23.Rg2 Be7 24.Rdg1 g6 25.Bb3 Qe8 26.Qf3 Kg7 27.Nxe5 fxe5 28.f6+
Bxf6 29.Bxf6+ Kg8 30.Ba4 c6 31.h4 Rd6 32.Bg5 Ne6 33.h5 Nxg5 34.Rxg5 Rad8 
35.hxg6 Bxg6 36.Qg3 Rf6 37.Rxe5 Qf8 38.Rg5 Rxf2 39.Rxg6+ 1-0

[Event "VI Open Gelso Bianco A"]
[Site "Catania ITA"]
[Date "1995.08.09"]
[Round "4"]
[White "Garcia Palermo, Carlos Horacio"]
[Black "Psakhis, Lev B."]
[Result "0-1"]
[WhiteElo "2505"]
[BlackElo "2610"]
[PlyCount "61"]
[EventDate "1995.08.06"]

1.d4 e6 2.f4 c5 3.e3 Nf6 4.Nf3 b6 5.c3 g6 6.Bd3 Bb7 7.O-O Bg7 8.Qe2 Be4 9.
Bxe4 Nxe4 10.Nbd2 Nxd2 11.Bxd2 d5 12.dxc5 bxc5 13.e4 O-O 14.Rad1 Qd6 15.
Be3 Nd7 16.e5 Qc6 17.c4 Nb6 18.cxd5 Nxd5 19.Nd2 Rab8 20.Nc4 Qa6 21.Bxc5 
Rfc8 22.Bd6 Ra8 23.Rd4 Qxa2 24.g4 Rc6 25.f5 Rac8 26.fxe6 fxe6 27.Qf3 Rxc4 
28.Qf7+ Kh8 29.Qxe6 Qb3 30.Rxd5 Qe3+ 31.Kh1 0-1

[Event "VI Open Gelso Bianco A"]
[Site "Catania ITA"]
[Date "1995.08.09"]
[Round "4"]
[White "Genovese, Maurizio"]
[Black "Ljubisavljevic, Zivojin Z."]
[Result "1-0"]
[WhiteElo "2255"]
[BlackElo "2285"]
[PlyCount "88"]
[EventDate "1995.08.06"]

1.d4 Nf6 2.c4 e6 3.Nc3 Bb4 4.e3 b6 5.Bd3 Bb7 6.Ne2 Bxg2 7.Rg1 Be4 8.a3 
Bxd3 9.Qxd3 Bf8 10.e4 d6 11.Bg5 h6 12.Bh4 g5 13.Bg3 Nbd7 14.O-O-O Nh5 15.
Qf3 Nxg3 16.Nxg3 Qf6 17.Qe2 Be7 18.Nh5 Qg6 19.f4 Nf6 20.Nxf6+ Qxf6 21.fxg5
hxg5 22.Rgf1 Qh6 23.e5 dxe5 24.Qxe5 Bd6 25.Qb5+ Ke7 26.Kb1 Rad8 27.d5 Qg6+
28.Ka1 Bxh2 29.Rde1 e5 30.c5 bxc5 31.Ne4 Qb6 32.Qc4 Bf4 33.Nxg5 Kd7 34.
Nxf7 Rh2 35.Re2 Rxe2 36.Qxe2 Re8 37.Qg4+ Ke7 38.d6+ cxd6 39.Qg7 Ke6 40.
Ng5+ Kd5 41.Qf7+ Kd4 42.Rd1+ Ke3 43.Qc4 Kf2 44.Qc2+ Ke3 1-0

[Event "VI Open Gelso Bianco A"]
[Site "Catania ITA"]
[Date "1995.08.09"]
[Round "4"]
[White "Martorelli, Antonio"]
[Black "Nurkic, Sahbaz"]
[Result "0-1"]
[WhiteElo "2320"]
[BlackElo "2420"]
[PlyCount "73"]
[EventDate "1995.08.06"]

1.e4 g6 2.d4 Bg7 3.Nf3 c6 4.c4 d6 5.Nc3 Nd7 6.Be2 Ngf6 7.e5 Ng8 8.Bf4 dxe5
9.dxe5 Qa5 10.e6 fxe6 11.O-O Ngf6 12.Ng5 e5 13.Bd2 Nf8 14.f4 Ne6 15.Nce4 
Qc7 16.Nxe6 Bxe6 17.Ng5 Bg8 18.fxe5 Qxe5 19.Bf4 Qc5+ 20.Kh1 h6 21.b4 Qxb4 
22.Rb1 Qc5 23.Nf3 Rd8 24.Qc2 Bh7 25.Qc1 Ng4 26.h3 Nf2+ 27.Kh2 g5 28.Nxg5 
hxg5 29.Bh5+ Kf8 30.Be3 Qe5+ 31.Kg1 Bxb1 32.Bxf2 Bf6 33.Qxb1 Rxh5 34.Qg6 
Rh8 35.Bg3 Qe6 36.Qxg5 Rd1 37.Rxd1 0-1

[Event "VI Open Gelso Bianco A"]
[Site "Catania ITA"]
[Date "1995.08.09"]
[Round "4"]
[White "Mifsud, Timothy"]
[Black "Bouaziz, Slim"]
[Result "1/2-1/2"]
[WhiteElo "2165"]
[BlackElo "2435"]
[PlyCount "29"]
[EventDate "1995.08.06"]

1.e4 c5 2.Nf3 Nf6 3.Nc3 e6 4.d4 d5 5.exd5 Nxd5 6.Bb5+ Bd7 7.Bxd7+ Qxd7 8.
Nxd5 Qxd5 9.O-O Nc6 10.Be3 cxd4 11.Nxd4 Be7 12.Nxc6 Qxc6 13.Qe2 O-O 14.
Rfd1 a6 15.Rd2 1/2-1/2

[Event "VI Open Gelso Bianco A"]
[Site "Catania ITA"]
[Date "1995.08.09"]
[Round "4"]
[White "Miljanic, Boro"]
[Black "Bellincampi, Stefano"]
[Result "1-0"]
[WhiteElo "2380"]
[BlackElo "2060"]
[PlyCount "25"]
[EventDate "1995.08.06"]

1.e4 c6 2.c4 d5 3.exd5 cxd5 4.cxd5 Nf6 5.Nc3 Nxd5 6.Nf3 Nc6 7.d4 Bg4 8.Qb3
Nb6 9.Be3 e6 10.Ne5 Bh5 11.g4 Nxe5 12.dxe5 Bg6 13.Bb5+ 1-0

[Event "VI Open Gelso Bianco A"]
[Site "Catania ITA"]
[Date "1995.08.09"]
[Round "4"]
[White "Moncher, Stefano"]
[Black "Viaggi, Giovanni"]
[Result "1/2-1/2"]
[WhiteElo "2202"]
[BlackElo "2125"]
[PlyCount "81"]
[EventDate "1995.08.06"]

1.e4 e5 2.Nf3 Nc6 3.Bb5 a6 4.Ba4 Nf6 5.O-O b5 6.Bb3 Be7 7.Re1 d6 8.c3 O-O 
9.d3 Na5 10.Bc2 c5 11.Nbd2 Nc6 12.Nf1 Qc7 13.Bg5 Ng4 14.h3 Bxg5 15.Nxg5 
Nf6 16.Ne3 h6 17.Nf3 Ne7 18.d4 Bb7 19.dxe5 dxe5 20.Nd2 Rad8 21.Qe2 Ng6 22.
Rad1 Nf4 23.Qf1 c4 24.f3 N6h5 25.Kh2 Nd3 26.Bxd3 Rxd3 27.Qf2 Rfd8 28.Ndf1 
Nf4 29.Ng3 Rxd1 30.Rxd1 Nd3 31.Qd2 Rd7 32.Ngf5 Qd8 33.b3 Nc5 34.Qc2 cxb3 
35.Rxd7 Qxd7 36.axb3 a5 37.b4 axb4 38.cxb4 Ne6 39.Ng4 Nd4 40.Qd3 Qc7 41.
Nge3 1/2-1/2

[Event "VI Open Gelso Bianco A"]
[Site "Catania ITA"]
[Date "1995.08.09"]
[Round "4"]
[White "Ortega Izquierdo, Alejandro"]
[Black "Isonzo, David"]
[Result "1-0"]
[WhiteElo "2330"]
[BlackElo "2190"]
[PlyCount "51"]
[EventDate "1995.08.06"]

1.Nf3 Nf6 2.c4 g6 3.g3 Bg7 4.Bg2 d6 5.d4 O-O 6.O-O Nbd7 7.Nc3 e5 8.e4 h6 
9.Qc2 Nh7 10.dxe5 dxe5 11.Be3 c6 12.Rfd1 Re8 13.Qd2 h5 14.c5 Nhf8 15.Ng5 
Qe7 16.Qd6 Bf6 17.h4 Nh7 18.Nxh7 Kxh7 19.b4 Nf8 20.b5 Bd7 21.bxc6 bxc6 22.
Rab1 Qxd6 23.cxd6 Red8 24.Rb7 Ne6 25.Na4 Rab8 26.Rxa7 1-0

[Event "VI Open Gelso Bianco A"]
[Site "Catania ITA"]
[Date "1995.08.09"]
[Round "4"]
[White "Pajkovic, Vladimir"]
[Black "Vescovi Portilho, Giovanni"]
[Result "0-1"]
[WhiteElo "2430"]
[BlackElo "2465"]
[PlyCount "94"]
[EventDate "1995.08.06"]

1.Nf3 Nf6 2.c4 g6 3.Nc3 Bg7 4.e4 d6 5.d4 O-O 6.Be3 e5 7.dxe5 dxe5 8.Qxd8 
Rxd8 9.Nd5 Nxd5 10.cxd5 c6 11.Bc4 b5 12.Bb3 Bb7 13.Rc1 a5 14.a3 a4 15.Ba2 
Ra6 16.O-O cxd5 17.Rc7 Rd7 18.Rfc1 Rad6 19.Rxb7 Rxb7 20.Rc8+ Bf8 21.Bxd5 
Rxd5 22.exd5 Nd7 23.g4 f6 24.g5 f5 25.Bd2 Kf7 26.Bc3 e4 27.Nd4 Nb6 28.Rd8 
Rd7 29.Rxd7+ Nxd7 30.Nxb5 Nb6 31.d6 Ke6 32.Bb4 Bg7 33.Nc7+ Kd7 34.Na6 Bxb2
35.Nc5+ Kc6 36.d7 Nxd7 37.Nxa4 Bc1 38.h4 Ne5 39.Kg2 Nd3 40.Nc3 Bd2 41.Ba5 
Be1 42.h5 gxh5 43.f3 e3 44.Kf1 Bd2 45.Nd1 Bxa5 46.Nxe3 f4 47.Nc4 Bc3 0-1

[Event "VI Open Gelso Bianco A"]
[Site "Catania ITA"]
[Date "1995.08.09"]
[Round "4"]
[White "Parrella, Alfredo"]
[Black "Lanzani, Mario"]
[Result "1/2-1/2"]
[WhiteElo "2225"]
[BlackElo "2330"]
[PlyCount "53"]
[EventDate "1995.08.06"]

1.d4 Nf6 2.Nf3 e6 3.c4 b6 4.g3 Ba6 5.b3 Bb7 6.Bg2 c5 7.O-O cxd4 8.Nxd4 
Bxg2 9.Kxg2 Qc8 10.Qd3 Qb7+ 11.Qf3 Qxf3+ 12.Kxf3 Nc6 13.Nxc6 dxc6 14.Rd1 
Bc5 15.Ba3 Bxa3 16.Nxa3 Ke7 17.Rd2 Rhd8 18.Rad1 Rxd2 19.Rxd2 Nd7 20.Nc2 c5
21.e3 g5 22.h3 h5 23.Ke2 Ne5 24.f4 gxf4 25.gxf4 Nc6 26.Kf3 a5 27.a4 
1/2-1/2

[Event "VI Open Gelso Bianco A"]
[Site "Catania ITA"]
[Date "1995.08.09"]
[Round "4"]
[White "Sax, Gyula"]
[Black "Naumkin, Igor"]
[Result "1/2-1/2"]
[WhiteElo "2550"]
[BlackElo "2455"]
[PlyCount "32"]
[EventDate "1995.08.06"]

1.e4 e6 2.Qe2 c5 3.Nf3 Nc6 4.g3 g6 5.Bg2 Bg7 6.O-O Nge7 7.d3 d5 8.c3 h6 9.
Na3 b6 10.Re1 Ba6 11.exd5 Nxd5 12.Nc4 O-O 13.Nfe5 Nce7 14.Bd2 Rc8 15.Rad1 
Kh7 16.f4 Rc7 1/2-1/2

[Event "VI Open Gelso Bianco A"]
[Site "Catania ITA"]
[Date "1995.08.09"]
[Round "4"]
[White "Scavo, Fernando"]
[Black "Komnenic, Branko"]
[Result "0-1"]
[WhiteElo "2260"]
[BlackElo "2270"]
[PlyCount "78"]
[EventDate "1995.08.06"]

1.d4 d5 2.c4 e6 3.Nc3 Be7 4.cxd5 exd5 5.Nf3 c6 6.Bf4 Bf5 7.e3 Nf6 8.Bd3 
Bxd3 9.Qxd3 Nbd7 10.O-O O-O 11.h3 Re8 12.Rab1 a5 13.Rfc1 Nf8 14.a3 a4 15.
Qc2 Qa5 16.Qf5 Ne6 17.Be5 Nd7 18.Ne2 g6 19.Qg4 f5 20.Qg3 Nf6 21.Bxf6 Bxf6 
22.Nf4 Nxf4 23.Qxf4 Re4 24.Qd6 Qd8 25.Qb4 Ra7 26.g3 Be7 27.Qd2 Bd6 28.Rc3 
Qe7 29.b4 axb3 30.Rcxb3 b5 31.Ne5 Bxe5 32.f3 Bxg3 33.fxe4 Qxe4 34.Qg2 Qh4 
35.Rc1 Re7 36.Rxc6 f4 37.Qxd5+ Kg7 38.Rb6 Bf2+ 39.Kf1 f3 0-1

[Event "VI Open Gelso Bianco A"]
[Site "Catania ITA"]
[Date "1995.08.09"]
[Round "4"]
[White "Stassi, Emilio"]
[Black "Aleksic, Nenad"]
[Result "0-1"]
[WhiteElo "2155"]
[BlackElo "2445"]
[PlyCount "78"]
[EventDate "1995.08.06"]

1.d4 Nf6 2.c4 e6 3.Nc3 Bb4 4.Qc2 O-O 5.Bg5 c5 6.e3 h6 7.Bh4 cxd4 8.exd4 
Nc6 9.Nf3 Be7 10.a3 d5 11.Rd1 b6 12.Bd3 Bb7 13.O-O Rc8 14.Rfe1 Re8 15.Qe2 
dxc4 16.Bxc4 Na5 17.Ba2 Nd5 18.Nxd5 Bxd5 19.Bxe7 Rxe7 20.Bb1 Rec7 21.Ne5 
Qg5 22.g3 Nc4 23.Rc1 Nxe5 24.Rxc7 Nf3+ 25.Qxf3 Rxc7 26.Qe3 Qg4 27.Bd3 Qf3 
28.Qxf3 Bxf3 29.Be4 Bxe4 30.Rxe4 Rc1+ 31.Kg2 Rd1 32.h4 g6 33.Kf3 Rd2 34.b4
Rd3+ 35.Kf4 Rxa3 36.d5 exd5 37.Rd4 Ra5 38.Ke5 Kg7 39.Kd6 a6 0-1